00523 a2200157 4500010001400000020002300014035001300037037001600050082001200066245010900078260003900187270007900226300002400305500002000329700001600349 aENG-88925 c695.00a8178298160 aEN-72458 bDBAD / PUB a330.9541 aJob creation and poverty reduction in India:cedited by Sadiq Ahmedbtowards rapid and sustained growth/ aNew DelhibSage Publicationsc2007 aB1/I-1 Mohan Cooperative Industrial Area, Mathura RoadbNew Delhie110 044 a350 p.c23m (Hb.) aIncludes Index1 aSadiq Ahmed